Ku germanistickým aktivitám Petra Zajaca

Podrobná bibliografia
Hlavný autor: Bžoch, Adam, 1966- (Autor)
Médium: Článok
Jazyk:slovenčina
ISSN:0037-6973
Predmet:

MARC

LEADER 00000nab a2200000 a 4500
001 vtls008852423
003 SK-MaSNL
005 20260304143605.0
008 250505c2006 xo mr|p|||||||000 b|slo
015 |a SNBRB2006/10  |2 snkbucl 
035 |a (uuid)4960899e-51d9-47fb-87e7-27079b9c0963 
035 |a urn:nbn:sk:snk-abf4tl 
035 |a (urnnbn)urn:nbn:sk:snk:ar-004zlg 
038 |a SNKBUCL 
040 |a SNKBUCL  |b slo  |c SNKBUCL  |e AACR2 
041 0 |a slo 
044 |a xo  |c SK 
080 |a 82(091):821.162.4"19/20"  |2 1997 
080 |a 821.162.4  |x (091)  |x "19/20"  |2 1997 
080 |a 82:929:821.162.4  |2 1997 
080 |a 821.162.4:929  |2 1997 
100 1 |a Bžoch, Adam,  |d 1966-  |4 aut  |9 97719 
245 1 0 |a Ku germanistickým aktivitám Petra Zajaca  |c Adam Bžoch 
600 1 7 |a Zajac, Peter,  |d 1946-  |2 snkbucl  |9 103277 
773 0 |t Slovenská literatúra  |g Roč. LIII, č. 3-4 (2006), s. 249-252  |x 0037-6973 
850 |a Slovenská národná knižnica 
852 |a Slovenská národná knižnica 
954 |a odborná, vedecká literatúra pôvodná (slovenská)  |2 lita 
958 |a article27 
958 |a LX 
958 |a SK 
958 |a OND 
958 |a EUIPO 
999 |c 2926348  |d 2928278